Welcome to CU Library Online Public Access Catalogue (OPAC)

Clinical Nursing Skills & Techniques (Record no. 7827)

MARC details
000 -LEADER
fixed length control field 00542nam a22001817a 4500
005 - DATE AND TIME OF LATEST TRANSACTION
control field 20251027175031.0
008 - FIXED-LENGTH DATA ELEMENTS--GENERAL INFORMATION
fixed length control field 251027b ||||||| |||| 00| 0 eng d
020 ## - INTERNATIONAL STANDARD BOOK NUMBER
International Standard Book Number 9780323028394
050 ## - LIBRARY OF CONGRESS CALL NUMBER
Classification number RT51 PER
100 ## - MAIN ENTRY--PERSONAL NAME
Personal name Perry, Anne Griffin
245 ## - TITLE STATEMENT
Title Clinical Nursing Skills & Techniques
Statement of responsibility, etc. Anne Griffin Perry & Patricia A. Potter
250 ## - EDITION STATEMENT
Edition statement 6th ed.
260 ## - PUBLICATION, DISTRIBUTION, ETC.
Place of publication, distribution, etc. St. Louis
Name of publisher, distributor, etc. Elsevier Mosby
Date of publication, distribution, etc. 2006
300 ## - PHYSICAL DESCRIPTION
Extent xxxii. 1611p.
Other physical details ill. color
Dimensions 28cm
500 ## - GENERAL NOTE
General note includes index
700 ## - ADDED ENTRY--PERSONAL NAME
Personal name Potter, Patricia A.
942 ## - ADDED ENTRY ELEMENTS (KOHA)
Source of classification or shelving scheme Library of Congress Classification
Koha item type Books
Edition 6th ed.
Suppress in OPAC No
999 ## -
-- 7827
-- 7827
Holdings
Withdrawn status Lost status Source of classification or shelving scheme Damaged status Not for loan Collection Home library Current library Shelving location Date acquired Total checkouts Full call number Barcode Date last seen Copy number Price effective from Koha item type
    Library of Congress Classification     Non-fiction Science Library (Miotso) Science Library (Miotso) General stacks 10/27/2025   RT51 PER SLM00004609 10/27/2025 1 10/27/2025 Books
    Library of Congress Classification     Non-fiction Science Library (Miotso) Science Library (Miotso) General stacks 10/27/2025   RT51 PER SLM00004610 10/27/2025 2 10/27/2025 Books
    Library of Congress Classification     Non-fiction Science Library (Miotso) Science Library (Miotso) General stacks 10/28/2025   RT51 PER SLM00004728 10/28/2025 3 10/28/2025 Books
© 2023-2024 Copyright: Central University Libraries. All Rights Reserved | Created by: Mahone Tech Office